000 00720nam a2200265Ia 4500
005 20260302120023.0
008 008 260114s9999 xx 000 0 eng d
020 _a9781509908660
037 _aTextbook
040 _aCRL
040 _beng
040 _cCRL
041 _2eng
041 _aeng
084 _qCRL
100 _aMark Lattimer and Philippe Sands
_91123382
245 4 _aThe Grey Zone Civilian Protection Between Human Rights and the Laws of War
260 _bBloomsbury
260 _bHart Publishing
260 _c2018
650 _aLaw
856 _uhttps://dx.doi.org/10.5040/9781509908660?locatt=label:secondary_bloomsburyCollections
942 _cEBOOK
999 _c1688283
_d1688283